| 000 | 00000nam 2200000za 4500 |
| 001 | 9.644251 |
| 003 | CaOODSP |
| 005 | 20210624224546 |
| 007 | cr ||||||||||| |
| 008 | 150407s2015 onc|||||o f|0| 0 fre d |
| 020 | |a978-0-660-23298-0 |
| 040 | |aCaOODSP|bfre |
| 043 | |an-cn--- |
| 086 | 1 |aFA3-94/1-2015F-PDF |
| 245 | 00|aRapport du vérificateur général du Canada à l'Assemblée législative du Yukon - 2015 |h[ressource électronique] : |bles services correctionnels au Yukon - Ministère de la Justice. |
| 260 | |aOttawa : |bBureau du vérificateur général du Canada, |c2015. |
| 300 | |a36 p. : |btableaux. |
| 590 | |a15-11|b2015-03-13 |
| 691 | 07|aÉtablissement pénitentiaire|2gcpds |
| 710 | 1 |aCanada. |bBureau du vérificateur général. |
| 775 | 08|tReport of the Auditor General of Canada to the Yukon Legislative Assembly - 2015 |w(CaOODSP)9.700353 |
| 776 | 0#|tRapport du vérificateur général du Canada à l'Assemblée législative du Yukon - 2015 : |w(CaOODSP)9.678201 |
| 856 | 40|ahttp://publications.gc.ca|qPDF|s823 Ko|uhttps://publications.gc.ca/collections/collection_2015/bvg-oag/FA3-94-1-2015-fra.pdf |